Lyrics - Bowie --#2 - Statistics

General Stats
  • This quiz has been taken 215 times
  • The average score is 58 of 134
Answer Stats
Answer % Correct
I
93%
a
92%
the
87%
The
87%
you
81%
You
81%
and
70%
be
64%
to
61%
To
61%
in
59%
Are
55%
are
55%
It
55%
it
55%
So
55%
of
53%
is
51%
your
51%
Star
50%
when
50%
will
50%
my
48%
can
47%
what
46%
all
43%
All
43%
as
43%
that
39%
but
37%
One
35%
see
35%
up
35%
day
33%
How
33%
it's
33%
It's
33%
Prettiest
32%
got
29%
take
26%
everything
25%
well
25%
because
24%
sing
23%
song
23%
Cold
22%
cold
22%
way
22%
you've
22%
though
20%
fire
19%
sky
19%
back
18%
heart
18%
loved
18%
make
18%
might
17%
break
16%
child
16%
memory
16%
feel
15%
past
15%
takes
15%
movies
14%
place
14%
someday
14%
peace
13%
rise
13%
pieces
12%
rest
12%
Staying
12%
makes
11%
tired
11%
near
10%
moved
9%
trick
9%
tried
9%
wide
8%
All because
2%
No matching quizzes found
Score Distribution
Percent of People with Each Score
Percentile by Number Answered
Your Score History
You have not taken this quiz